Bhasha Vigyan (Record no. 47324)

MARC details
000 -LEADER
fixed length control field 00415nam a22001697a 4500
008 - FIXED-LENGTH DATA ELEMENTS--GENERAL INFORMATION
fixed length control field 230621b ||||| |||| 00| 0 eng d
020 ## - INTERNATIONAL STANDARD BOOK NUMBER
International Standard Book Number 9788122500072
041 ## - LANGUAGE CODE
Language code of text/sound track or separate title hin
082 ## - DEWEY DECIMAL CLASSIFICATION NUMBER
Classification number 491.43
Item number TIB
100 ## - MAIN ENTRY--PERSONAL NAME
Personal name Tiwari Bholanath
245 ## - TITLE STATEMENT
Title Bhasha Vigyan
Remainder of title
Statement of responsibility, etc. By Bholanath Tiwari
250 ## - EDITION STATEMENT
Edition statement 57th
260 ## - PUBLICATION, DISTRIBUTION, ETC.
Place of publication, distribution, etc. New Delhi
Name of publisher, distributor, etc. Kitab Mahal
Date of publication, distribution, etc. 2022
300 ## - PHYSICAL DESCRIPTION
Extent 550p.
650 ## - SUBJECT ADDED ENTRY--TOPICAL TERM
Topical term or geographic name entry element GENERAL BOOKS
942 ## - ADDED ENTRY ELEMENTS (KOHA)
Koha item type Books
Holdings
Withdrawn status Lost status Source of classification or shelving scheme Damaged status Not for loan Home library Current library Date acquired Source of acquisition Cost, normal purchase price Total Checkouts Full call number Barcode Date last seen Date last checked out Price effective from Koha item type
    Dewey Decimal Classification     Chaudhary Ranbir Singh University Chaudhary Ranbir Singh University 18.04.2023 Nirmal Book Agency, Kurukshetra 750.00 1 491.43 TIB 32740 21.08.2024 05.08.2024 28.06.2023 Books


Copyright © 2025 CRSU. All Rights Reserved.